A portfolio of stability characteristics of incompressible boundary layers /

Bibliographic Details
Main Author: Obremski, H. J.
Other Authors: Morkovin, Mark Vladimir, 1917-, Landahl, Mårten
Format: Book
Language:English
Published: [Neuilly-sur-Seine, France] : North Atlantic Treaty Organization, Advisory Group for Aerospace Research and Development, 1969.
Series:AGARDograph ; no. 134.
Subjects:

MARC

Tag First Indicator Second Indicator Subfields
LEADER 00000cam a2200000 4500
001 in00000099451
005 20150926125614.0
008 701023s1969 fr a b 00010 eng
010 |a  77512999  
015 |a F*** 
035 |a (OCoLC)00103546 
035 |9 AAL3872AM 
037 |c $3.00 
040 |a DLC  |c DLC  |d TXA  |d UtOrBLW 
049 |a TXAM  |c [1129256] 
050 0 0 |a TL500  |b .N6 no. 134 
082 0 |a 629.132/37 
100 1 |a Obremski, H. J. 
245 1 2 |a A portfolio of stability characteristics of incompressible boundary layers /  |c by H. J. Obremski, M. V. Morkovin and M. Landahl with contributions from A. R. Wazzan, T. T. Okamura and A. M. O. Smith. 
264 1 |a [Neuilly-sur-Seine, France] :  |b North Atlantic Treaty Organization, Advisory Group for Aerospace Research and Development,  |c 1969. 
300 |a ix, 128 pages :  |b illustrations ;  |c 30 cm. 
336 |a text  |b txt  |2 rdacontent 
337 |a unmediated  |b n  |2 rdamedia 
338 |a volume  |b nc  |2 rdacarrier 
490 1 |a AGARDograph ;  |v 134 
500 |a Summary in English and French. 
504 |a Includes bibliographical references. 
650 0 |a Boundary layer  |x Tables. 
650 0 |a Stability. 
700 1 |a Morkovin, Mark Vladimir,  |d 1917- 
700 1 |a Landahl, Mårten. 
830 0 |a AGARDograph ;  |v no. 134. 
999 |a MARS 
999 f f |s 85f341e4-2ccf-3dd7-a636-f2ed31f521b1  |i af1a2d58-0134-3f02-8f44-92171ec2d7fd  |t 0 
952 f f |p ric  |a Texas A&M University  |b Rellis Campus  |c Joint Library Facility  |d Remote Storage  |t 0  |e TL500 .N6 no. 134  |h Library of Congress classification  |i unmediated -- volume  |m A14805529674 
998 f f |a TL500 .N6 no. 134  |t 0  |l Remote Storage